000 00329nam a2200145Ia 4500
008 150201s2002 xx 000 0 und d
082 _a610.7
_bM02P
100 _aPARULIKAR , S.V.
245 _aTB. OF MIDWINES
250 _a2ND
260 _bVORA PUB.
_aDELHI
_c2002
300 _a721
650 _aNURSING
942 _2ddc
_cBK
_04
999 _c1867
_d1867